Strzelcy bramek reprezentacji Polski na wielkich turniejach w XXI w - Statystyki

Ogólne statystyki
  • Ten quiz został rozwiązany 126 razy
  • Średni wynik to 17 z 21
Statystyki odpowiedzi
Hint Odpowiedź % Poprawnych
MŚ 2022 Polska - Francja Robert Lewandowski
99%
MŚ 2022 Polska - Arabia Saudyjska Robert Lewandowski
99%
EURO 2020 Polska - Szwecja Robert Lewandowski
99%
EURO 2020 Polska - Szwecja Robert Lewandowski
99%
EURO 2020 Polska - Hiszpania Robert Lewandowski
99%
EURO 2016 Polska - Portugalia Robert Lewandowski
99%
EURO 2012 Polska - Grecja Robert Lewandowski
99%
EURO 2016 Polska - Szwajcaria Jakub Błaszczykowski
96%
EURO 2016 Polska - Ukraina Jakub Błaszczykowski
96%
EURO 2012 Polska - Rosja Jakub Błaszczykowski
96%
EURO 2016 Polska - Irlandia Północna Arkadiusz Milik
95%
MŚ 2018 Polska - Senegal Grzegorz Krychowiak
87%
MŚ 2022 Polska - Arabia Saudyjska Piotr Zieliński
86%
MŚ 2018 Polska - Japonia Jan Bednarek
82%
EURO 2020 Polska - Słowacja Karol Linetty
72%
MŚ 2002 Polska - USA Emmanuel Olisadebe
67%
EURO 2008 Polska - Austria Roger Guerreiro
59%
MŚ 2006 Polska - Kostaryka Bartosz Bosacki
54%
MŚ 2006 Polska - Kostaryka Bartosz Bosacki
54%
MŚ 2002 Polska - USA Marcin Żewłakow
54%
MŚ 2002 Polska - USA Paweł Kryszałowicz
44%
Nie znaleziono quizów pasujących do podanych kryteriów
Rozkład punktacji
Procent ludzi z każdym wynikiem
Percentyl według liczby udzielonych odpowiedzi
Twoja historia wyników
Nie rozwiązałeś tego quizu